| 000 | 00963nam a22002897a 4500 | ||
|---|---|---|---|
| 001 | 9346 | ||
| 003 | FISKH | ||
| 005 | 20251211134256.0 | ||
| 008 | 251211b cb ||||| |||| 00| 0 eng d | ||
| 020 | _a9781848104969 | ||
| 040 |
_aFISKH _beng _cFISKH _dFISKH |
||
| 050 | _aPZ7 | ||
| 082 | _a823.9208 | ||
| 100 |
_aGallagher, Belinda _eAuthor |
||
| 245 |
_aBeauty and the beast : _band other stories / _cMiles Kelly |
||
| 260 |
_aEssex : _bMiles Kelly Publishing Ltd , _c2011 |
||
| 300 |
_a40 pages : _bcolor illustrations ; _c28 cm |
||
| 490 | _aTen-minute stories | ||
| 505 | _aN | ||
| 520 | _aSimply retold and wonderfully illustrated, this series brings together charming tales that children will enjoy. Each story takes approximately 10 minutes to read. | ||
| 521 | 8 |
_a600
_bLexile estimate |
|
| 521 | 8 |
_aN
_bRaz-Plus |
|
| 650 |
_aStories _vImagination |
||
| 650 |
_aBeauty and the beast _vCinderella |
||
| 942 |
_2ddc _cBK _n0 |
||
| 999 |
_c9346 _d9346 |
||